000 01142nam2a22002651 4500
001 RU\NLR\INFOCOMM6\1000417918
005 20250617045555.0
035 _a(NLR Aleph) 002463799
090 _a2276162
_c2276162
100 _a20040331d1975 |||y0rusy50 ca
101 0 _arus
102 _aRU
105 _ay |||||||||
200 1 _aИнклюзивные правила сумм и рост полных сечений
_fА.К. Лиходед, А.Н. Толстенков
210 _d1975
_aБ. м.
461 0 _1001RU\NLR\INFOCOMM6\1000416985
_12001#$a[Издания]$fИн-т физики высоких энергий. ИФВЭ$v1975, 57
_93998336
_aИнститут физики высоких энергий (пос. Протвино, Московская обл.)
_cСерпухов
_d1967-
_fИн-т физики высоких энергий. ИФВЭ
_t[Издания]
_v1975, 57
700 1 _aЛиходед
_bА.К.
_4070
701 1 _aТолстенков
_bА.Н.
_4070
801 1 _aRU
_bInfoComm
_c20040331
801 0 _aRU
_bNLR
_gPSBO
852 _aNLR
_jП7/1175
942 _cISSUE
980 _aNB
980 _aRUSPER